Click Western African Countries On A Map - Statistics

General Stats
  • This quiz has been taken 51 times
  • The average score is 14 of 16
Answers on the Map
Answers color-coded by a green-red scale on the quiz's map according to % correct below.
 
Answer Stats
Answer % Correct
Mali
97%
Mauritania
97%
Benin
94%
Cape Verde
94%
Ivory Coast
94%
Niger
94%
Senegal
88%
Burkina Faso
84%
Ghana
84%
Togo
84%
Guinea-Bissau
81%
Nigeria
81%
Sierra Leone
81%
Guinea
78%
Liberia
78%
Gambia
75%
No matching quizzes found
Score Distribution
Percent of People with Each Score
Percentile by Number Answered
Your Score History
You have not taken this quiz